Gastro-intestinal mucosal blood flow /

Bibliographic Details
Corporate Author: Workshop on Gastro-intestinal Mucosal Blood Flow
Other Authors: Fielding, L. P. (L. Peter)
Format: Conference Proceeding Book
Language:English
Published: Edinburgh ; New York : Churchill Livingstone, 1980.
Subjects:

MARC

Tag First Indicator Second Indicator Subfields
LEADER 00000cam a2200000 a 4500
001 in00000074986
005 20151008060236.0
008 820218s1980 stka b 10100 eng
010 |a  79041820  
015 |a GB*** 
020 |a 0443021198 
035 |a (OCoLC)07018130 
035 |9 AAJ5379AM 
039 0 |a 2  |b 3  |c 3  |d 3  |e 3 
040 |a DLC  |c DLC  |d TXA  |d UtOrBLW 
049 |a TXAM  |c [1196423] 
050 0 0 |a QP141.A1  |b G27 
082 0 |a 612/.32  |2 19 
245 0 0 |a Gastro-intestinal mucosal blood flow /  |c edited by L.P. Fielding ; foreword by Eugene D. Jacobson. 
264 1 |a Edinburgh ;  |a New York :  |b Churchill Livingstone,  |c 1980. 
300 |a 240 pages :  |b illustrations ;  |c 24 cm. 
336 |a text  |b txt  |2 rdacontent 
337 |a unmediated  |b n  |2 rdamedia 
338 |a volume  |b nc  |2 rdacarrier 
500 |a Proceedings of the Workshop on Gastro-intestinal Mucosal Blood Flow. 
504 |a Includes bibliographies and index. 
650 0 |a Gastrointestinal system  |x Blood-vessels  |x Congresses. 
650 0 |a Mucous membrane  |x Congresses. 
650 0 |a Regional blood flow  |x Congresses. 
700 1 |a Fielding, L. P.  |q (L. Peter) 
711 2 |a Workshop on Gastro-intestinal Mucosal Blood Flow  |d (1980? :  |c Great Britain?) 
999 |a MARS 
999 f f |s 77a91139-1029-3f2a-baa5-7d2f1061183c  |i e11d3b91-aa8a-3708-b91a-25e1045258b2  |t 0 
952 f f |p ric  |a Texas A&M University  |b Rellis Campus  |c Joint Library Facility  |d Remote Storage  |t 0  |e QP141.A1 G27  |h Library of Congress classification  |i unmediated -- volume  |m A14806223522 
998 f f |a QP141.A1 G27  |t 0  |l Remote Storage